| 000 -ლიდერი |
| ფიქსირებული სიგრძის საკონტროლო ველი |
01734nam a2200313Ia 4500 |
| 001 - საკონტროლო ნომერი |
| საკონტროლო ველი |
6618 |
| 003 - საკონტროლო ნომრის იდენტიფიკატორი |
| საკონტროლო ველი |
GE_BSU |
| 005 - ბოლო ოპერაციის თარიღი და დრო |
| საკონტროლო ველი |
20191213115423.0 |
| 008 - ფიქსირებული სიგრძის მონაცემთა ელემენტები - ზოგადი ინფორმაცია |
| ფიქსირებული სიგრძის საკონტროლო ველი |
181216s2011||||ge |||||||||||||| ||geo|| |
| 020 ## - წიგნის საერთაშორისო სტანდარტული ნომერი |
| International Standard Book Number |
9789941039706 |
| 040 ## - კატალოგიზაციის წყარო |
| Transcribing agency |
GE_BSU |
| 041 ## - ენის კოდი |
| Language code of text/sound track or separate title |
geo |
| 080 ## - უნივერსალური ათობითი კლასიფიკაციის ინდექსი |
| Universal Decimal Classification number |
821.353.1.092 ვ-19 |
| 245 ## - ცნობა სათაურის შესახებ |
| Title |
ვაჟა-ფშაველა 150 = Vazha-Pshavela 150 : |
| Remainder of title |
საუბილეო კრებული / |
| Statement of responsibility, etc |
შოთა რუსთაველის ქართ. ლიტ-რის ინ-ტი ; რედ. ირმა რატიანი ; მხატვ. ნოდარ სუმბაძე |
| 264 ## - წარმოების, გამოცემის, დისტრიბუციის და სხვა ცნობები |
| გამოცემის, წარმოების, დისტრიბუციის... ადგილი |
თბილისი : |
| გამოცემის, წარმოების, დისტრიბუციის... სახელწოდება |
შ.რუსთაველის ქართული ლიტ-ს ინ-ტი, |
| გამოცემის, წარმოების, დისტრიბუციის... თარიღი |
2011. |
| 300 ## - ფიზიკური აღწერა |
| Extent |
328 გვ. ; |
| Other physical details |
20 სმ. |
| 500 ## - ზოგადი შენიშვნა |
| General note |
პარალ. თავფურ. ინგლ.. |
| 600 ## - SUBJECT ADDED ENTRY--PERSONAL NAME |
| Personal name |
ვაჟა-ფშაველა |
| 9 (RLIN) |
5768 |
| 653 ## - INDEX TERM--UNCONTROLLED |
| Uncontrolled term |
ქართველი მწერლები |
| 653 ## - INDEX TERM--UNCONTROLLED |
| Uncontrolled term |
ქართული ლიტერატურის ისტორია და კრიტიკა |
| 700 ## - ADDED ENTRY--PERSONAL NAME |
| Personal name |
აბზიანიძე, ზაზა |
| Relator term |
ავტორი |
| 9 (RLIN) |
2005 |
| 700 ## - ADDED ENTRY--PERSONAL NAME |
| Personal name |
კალანდარიშვილი, ელისო |
| Relator term |
ავტორი |
| 9 (RLIN) |
5793 |
| 700 ## - ADDED ENTRY--PERSONAL NAME |
| Personal name |
ბარბაქაძე, თამარ |
| Relator term |
ავტორი |
| 9 (RLIN) |
5794 |
| 700 ## - ADDED ENTRY--PERSONAL NAME |
| Personal name |
კვაჭანტირაძე, მანანა |
| Relator term |
ავტორი |
| 9 (RLIN) |
5795 |
| 700 ## - ADDED ENTRY--PERSONAL NAME |
| Personal name |
რატიანი, ირმა |
| Relator term |
რედაქტორი |
| 9 (RLIN) |
5778 |
| 700 ## - ADDED ENTRY--PERSONAL NAME |
| Personal name |
სუმბაძე, ნოდარ |
| Relator term |
მხატვარი |
| 9 (RLIN) |
5779 |
| 710 ## - ADDED ENTRY--CORPORATE NAME |
| Corporate name or jurisdiction name as entry element |
ქართ. ლიტ. ინ-ტი |
| 9 (RLIN) |
5796 |
| 942 ## - ADDED ENTRY ELEMENTS (KOHA) |
| Koha item type |
წიგნი |
| Source of classification or shelving scheme |
|